|
|
|
|
| LEADER |
01434nam a2200385Ia 4500 |
| 001 |
EBC1193436 |
| 003 |
MiAaPQ |
| 005 |
20200520144314.0 |
| 006 |
m o d | |
| 007 |
cr cn||||||||| |
| 008 |
081121s2008 nju sb 001 0 eng d |
| 010 |
|
|
|z 2008300871
|
| 020 |
|
|
|z 9789812811998
|
| 020 |
|
|
|z 9812811990
|
| 020 |
|
|
|a 9789812812018 (electronic bk.)
|
| 035 |
|
|
|a (MiAaPQ)EBC1193436
|
| 035 |
|
|
|a (Au-PeEL)EBL1193436
|
| 035 |
|
|
|a (CaPaEBR)ebr10688034
|
| 035 |
|
|
|a (CaONFJC)MIL491720
|
| 035 |
|
|
|a (OCoLC)826658029
|
| 040 |
|
|
|a MiAaPQ
|c MiAaPQ
|d MiAaPQ
|
| 050 |
|
4 |
|a HB98.3
|b .F735 2008
|
| 082 |
0 |
4 |
|a 330.1553
|2 23
|
| 100 |
1 |
|
|a Freedman, Craig,
|d 1950-
|
| 245 |
1 |
0 |
|a Chicago fundamentalism
|h [electronic resource] :
|b ideology and methodology in economics /
|c Craig F. Freedman.
|
| 260 |
|
|
|a Hackensack, NJ :
|b World Scientific,
|c c2008.
|
| 300 |
|
|
|a xiv, 457 p.
|
| 504 |
|
|
|a Includes bibliographical references and index.
|
| 533 |
|
|
|a Electronic reproduction. Ann Arbor, MI : ProQuest, 2015. Available via World Wide Web. Access may be limited to ProQuest affiliated libraries.
|
| 600 |
1 |
0 |
|a Friedman, Milton,
|d 1912-2006.
|
| 600 |
1 |
0 |
|a Stigler, George J.
|q (George Joseph),
|d 1911-1991.
|
| 650 |
|
0 |
|a Chicago school of economics
|x History.
|
| 655 |
|
4 |
|a Electronic books.
|
| 710 |
2 |
|
|a ProQuest (Firm)
|
| 856 |
4 |
0 |
|u https://ebookcentral.proquest.com/lib/matrademy/detail.action?docID=1193436
|z Click to View
|